000 00514cam a22001457a 4500
008 180718b1979 xxu||||| |||| 00| 0 eng d
082 _aZ2x54 D537
245 _aPublic distribution systems: evolution, evaluation and prospects
_cedited by Nikhilesh Dholakia and Rakesh Khurana
260 _aNew Delhi
_bOxford
_c1979
300 _a221p.
650 _aRetail trade --India --Congresses
650 _aPhysical distribution of goods --India --Congresses
700 _aDholakia, Nikhilesh
700 _aKhurana, Rakesh
999 _c344188
_d344188